000 00465nam a2200193Ia 4500
003 GCL
008 140319s9999 xx 000 0 eng d
040 _aGCL /
_cGCL
082 0 4 _a862
_bC L
100 1 _aCAMUS, ALBERT
245 1 0 _aLOS JUSTOS /
_cCAMUS, ALBERT
260 _a[S.N] :
_bALIANZA EDITORIAL ،
_c1986
300 _a103P
650 0 4 _aLITERATURE
650 0 4 _aDRAMA
650 0 4 _aSPANISH LITERATURE
650 0 4 _aSPANISH DRAMA
942 _2ddc
_cBK
999 _c11423
_d11423